Famous Five (Record no. 550183)
[ view plain ]
| 000 -LEADER | |
|---|---|
| fixed length control field | 00675cam a2200193 4500 |
| 020 ## - INTERNATIONAL STANDARD BOOK NUMBER | |
| International Standard Book Number | 0861636805 |
| 082 00 - DEWEY DECIMAL CLASSIFICATION NUMBER | |
| Classification number | 808.068 |
| Author Mark | KNO |
| 100 1# - MAIN ENTRY--PERSONAL NAME | |
| Personal name | Blyton, Enid. |
| 9 (RLIN) | 11689 |
| 245 10 - TITLE STATEMENT | |
| Title | Famous Five |
| Statement of responsibility, etc. | Illustrated by Betty Maxey. |
| Remainder of title | Five fall into adventure. |
| 260 ## - PUBLICATION, DISTRIBUTION, ETC. | |
| Place of publication, distribution, etc. | [New York] |
| Name of publisher, distributor, etc. | Atheneum |
| Date of publication, distribution, etc. | [1972] |
| 300 ## - PHYSICAL DESCRIPTION | |
| Extent | 188 p. |
| Other physical details | illus. |
| Dimensions | 21 cm. |
| 490 0# - SERIES STATEMENT | |
| Series statement | Atheneum, B8. An Aladdin book |
| 520 ## - SUMMARY, ETC. | |
| Summary, etc. | With the help of their new tomboy friend, four children and their dog put an end to some sinister events. |
| 526 ## - STUDY PROGRAM INFORMATION NOTE | |
| Program name | 0 |
| Interest level | 0 |
| Reading level | 0 |
| Title point value | 808_068000000000000_KNO |
| 650 #1 - SUBJECT ADDED ENTRY--TOPICAL TERM | |
| Topical term or geographic name entry element | MCE |
| 9 (RLIN) | 379 |
| 650 #1 - SUBJECT ADDED ENTRY--TOPICAL TERM | |
| Topical term or geographic name entry element | Mystery and detective stories. |
| 9 (RLIN) | 13726 |
| 700 1# - ADDED ENTRY--PERSONAL NAME | |
| Personal name | Maxey, Betty, |
| 9 (RLIN) | 46905 |
| 942 ## - ADDED ENTRY ELEMENTS (KOHA) | |
| Source of classification or shelving scheme | |
| Koha item type | Book |
| Withdrawn status | Lost status | Source of classification or shelving scheme | Damaged status | Not for loan | Permanent Location | Current Location | Date acquired | Total Checkouts | Full call number | Barcode | Date last seen | Date last checked out | Price effective from | Koha item type |
|---|---|---|---|---|---|---|---|---|---|---|---|---|---|---|
| Military College of Engineering (MCE) | Military College of Engineering (MCE) | 10/27/2014 | 1 | 808.068 KNO | MCE-44374 | 04/06/2015 | 03/05/2015 | 10/27/2014 | Book |
